| 000 | 00724nam a2200217Ia 4500 | ||
|---|---|---|---|
| 003 | GCL | ||
| 008 | 140319s9999 xx 000 0 ara d | ||
| 040 |
_aGCL / _cGCL |
||
| 082 | 0 | 4 |
_a791.43 _bج س |
| 100 | 1 | _aجان الكسان | |
| 245 | 1 | 0 |
_aالسنما فى الوطن العربى / _cجان الكسان |
| 260 |
_a[S.N] : _bالمجلس الوطنى للثقافة والفنون والاداب ، _c1982 |
||
| 300 | _a441 ص | ||
| 490 |
_aكتاب المواهب _v0 |
||
| 650 | 0 | 4 | _aصناعة وتجارة |
| 650 | 0 | 4 | _aالافلام السينمائية |
| 650 | 0 | 4 | _aالانتاج السينمائى |
| 650 | 0 | 4 | _aالسينمائيون |
| 650 | 0 | 4 | _aالسينما العربية |
| 942 |
_2ddc _cCF |
||
| 999 |
_c27042 _d27042 |
||